| 000 | 00916nas a2200289Ia 4500 | ||
|---|---|---|---|
| 005 | 20170608110952.0 | ||
| 008 | 130506s1998 xxua r 0 0eng | ||
| 022 | 0 | _a0030-6665 | |
| 040 |
_aCO-BoUCM _bspa _cJose A. Gerena (modificó) _d[Nuevo] |
||
| 060 | 0 | 0 |
_aW1 _bOT518 |
| 082 | 0 | 4 | _a616.2/1/005 |
| 210 | 0 | _aOtolaryngol. clin. North Am. | |
| 222 | 0 | _aOtolaryngologic clinics of North America | |
| 245 | 0 | 4 | _aThe Otolaryngologic clinics of North America |
| 260 |
_aPhiladelphia _bW.B. Saunders _c1998- |
||
| 300 |
_avolúmenes _bilustraciones |
||
| 362 | 1 | _av. 1- June 1968- | |
| 500 | _aAlso available in Spanish | ||
| 650 | 0 | 7 |
_aAudición _99735 |
| 650 | 0 | 7 |
_aHabla _916676 |
| 650 | 0 | 7 |
_aLaringe _918269 |
| 650 | 0 | 7 |
_aOtorrinolaringología _920948 |
| 650 | 0 | 7 |
_aOtorrinolaringología _vPublicaciones seriadas _920948 |
| 650 | 0 | 7 |
_aVoz _926373 |
| 942 |
_cPUBSERIADA _2LOCAL _simpresa _a26 _n0 |
||
| 041 | _aeng | ||
| 999 |
_c94640 _d94640 |
||